Improve your punctuation (Record no. 327100)

000 -LEADER
fixed length control field 00327 a2200145 4500
001 - CONTROL NUMBER
control field 92027
082 ## - DEWEY DECIMAL CLASSIFICATION NUMBER
Classification number 421.1 COL
090 ## - LOCALLY ASSIGNED LC-TYPE CALL NUMBER (OCLC); LOCAL CALL NUMBER (RLIN)
-- 43984
-- 43983
100 ## - MAIN ENTRY--PERSONAL NAME
Personal name Colins
245 ## - TITLE STATEMENT
Title Improve your punctuation
250 ## - EDITION STATEMENT
Edition statement 1
260 ## - PUBLICATION, DISTRIBUTION, ETC.
Place of publication, distribution, etc. UK
Name of publisher, distributor, etc. Harper Collins Publisher
Date of publication, distribution, etc. 2009
300 ## - PHYSICAL DESCRIPTION
Extent v,185p.
Other physical details Pb
500 ## - GENERAL NOTE
General note Reference book
942 ## - ADDED ENTRY ELEMENTS (KOHA)
Institution code [OBSOLETE] CAE NUST
Call number prefix 421.1 COL
Holdings
Withdrawn status Lost status Damaged status Not for loan Collection code Permanent Location Current Location Date acquired Total Checkouts Full call number Barcode Date last seen Price effective from Koha item type
          College of Aeronautical Engineering (CAE) College of Aeronautical Engineering (CAE) 04/03/2017   421.1 COL CAE88415 04/05/2017 04/05/2017 Book
© 2023 Central Library, National University of Sciences and Technology. All Rights Reserved.